000 00298nam a2200133Ia 4500
005 20251222141851.0
008 251222s9999||||xx |||||||||||||| ||spa||
020 _a88-7573-388-0
082 _a455.04/S42
100 _aSerragiotto, Graziano
245 0 _aCedils:
264 _bBonacci
942 _cLIB
999 _c7733
_d7733